000 00666nam a2200241Ia 4500
003 OSt
005 20221007080449.0
006 a|||||r|||| 00| 0
007 ta
008 221006b |||||||| |||| 00| 0 eng d
024 _a38,259
037 _cTextual
040 _aFLL
_cFLL
_beng
041 _2eng
_aeng
082 _aZ,91, Q1
100 _aBodenheimer Edgar
_9133483
245 0 _aJurisprudence
_b Philosophy and method of the law
250 _a7th
260 _aNew Delhi
_bUniversal Law Publishing Co. Pvt. Ltd. India
_c2011
300 _axii,463p
_ccm.
942 _hZ,91, Q1
_cTEXL
_2CC
999 _c1159714
_d1159714